000 00486nam a2200205Ia 4500
999 _c7073
_d7073
003 0100
008 130227s9999 xx 000 0 und d
040 _cARRUPELIB
050 _aBL980.G7W45 2008
100 _aWeller, Paul
_929356
245 _aReligious diversity in the UK
_cPaul Weller
245 _bContours and issues
260 _aLondon
260 _bContinuum
_c2008
300 _axii
300 _b 211p. 24cm.
650 _bUnited Kingdom
_xReligion
_929357
942 _2lcc
_cMONOGRAPH